000 01051nas a2200289 4500
001 BR2013006899
003 BR-BrBNA
005 20231205122941.0
007 ta
008 230509b bl.|||p| |||| 00| 00por d
040 _aBR-BrBNA
_bpor
_cBiblioteca Nacional de Agricultura
041 _a(Pt)
072 _aF02
100 1 _aGoulart, P.B.
100 1 _aXavier, A.
245 1 _aInfluência do modo de acondicionamento de miniestacas no enraizamento de clones de Eucalyptus grandis x E. urophylla
246 1 _aInfluency of the conditioning method of mini-cuttings on the rooting of Eucalyptus grandis x E. urophylla clones
650 _aEUCALIPTO
650 _aENRAIZAMENTO
650 _aPROPAGAÇÃO VEGETATIVA
650 _aCLONE
650 _aACONDICIONAMENTO
773 0 _tRevista Árvore (Brazil)
_xISSN 0100-6762
_g(May-Jun 2010), v. 34(3) p. 407-415
_wBR2013006899
856 4 _uhttp://www.scielo.br/pdf/rarv/v34n3/a04v34n3.pdf
_yRecurso eletrônico (PDF)
909 _a202311
_bLúcia
_c55
_dLúcia Elande
942 _2AGRIS
_n0
_cANA
999 _c231420
_d231420